00418nam a2200133 4500003000900000005001700009008002500026040002800051082001100079100004100090245007100131260006000202300002200262DO-SdBNP20171124113537.0171124b1 ca 00| 0 spa d aDO-SdBNPbspacDO-SdBNP axxbxx aTorres Rioseco, Arturo, d1897-1971. aThe epic of Latin American literature / cArturo Torres Ríoseco. a Los Angeles : bUniversity of California Press, c1967 a277 p. ;c20 cm.